| 000 | 00998nam a2200277 i 4500 | ||
|---|---|---|---|
| 001 | bg | ||
| 100 | 1 | _aNIZARD, Georges | |
| 245 | 1 | 0 |
_aMetamorfozy przedsiębiorstwa : _bzarządzanie w zmiennym otoczeniu organizacji / _cGeorges Nizard ; przekł. [z franc.] Zbigniew Podlasiak. |
| 246 |
_iTyt. oryg.: _aLes métamorphoses de l'enterprise. Pour une écologie du management |
||
| 260 |
_aWarszawa : _bWydaw. Naukowe PWN, _c1998. |
||
| 300 |
_a248, [1] s. : _bwykr. ; _c24 cm. |
||
| 490 | 1 | _aPrzedsiębiorczość | |
| 500 | _aOryg. : "Les métamorphoses de l'enterprise. Pour une écologie du management" 1991. | ||
| 504 | _aBibliogr. s. 243-[249]. | ||
| 650 | 9 |
_aOrganizacja _xteoria |
|
| 650 | 9 |
_aZarządzanie _xsocjologia |
|
| 650 | 9 |
_aPrzedsiębiorstwo _xorganizacja |
|
| 830 | _aPrzedsiębiorczość | ||
| 020 | _a830812623X | ||
| 040 | _cBPK | ||
| 041 |
_ata _bpl _hfr |
||
| 080 | _a65.01:316 | ||
| 920 | _a83-08-12623-X | ||
| 942 | _cKS | ||
| 008 | s pl f |000 0 pol | ||
| 999 |
_c33772 _d33772 |
||